Observatorio de la Educación Costarricense de primaria y secundaria /
Uloženo v:
| Hlavní autor: | |
|---|---|
| Médium: | Kniha |
| Jazyk: | Spanish |
| Vydáno: |
[San José, Costa Rica ] :
INIE,
2016
|
| Témata: | |
| Tagy: |
Přidat tag
Žádné tagy, Buďte první, kdo vytvoří štítek k tomuto záznamu!
|
MARC
| LEADER | 00000nam a22000007a 4500 | ||
|---|---|---|---|
| 008 | 170213b2016 c a|||| |||| 00| | spa d | ||
| 999 | |c 3393 |d 3393 | ||
| 090 | |a 06.02.01 |b 2400 | ||
| 100 | 1 | |9 1387 |a Camacho Calvo, Silvia | |
| 245 | 1 | 0 | |a Observatorio de la Educación Costarricense de primaria y secundaria / |c Silvia Camacho Calvo |
| 260 | |a [San José, Costa Rica ] : |b INIE, |c 2016 | ||
| 300 | |a 64 páginas + 26 páginas; |b ilustraciones | ||
| 500 | |a Informe final Proyecto de Investigación Nº 724-B0-740 | ||
| 650 | 1 | 4 | |9 367 |a EDUCACIÓN PRIMARIA |
| 650 | 1 | 4 | |9 456 |a EDUCACIÓN SECUNDARIA |
| 650 | 1 | 4 | |9 14 |a ENSEÑANZA |
| 650 | 1 | 4 | |9 958 |a POLÍTICA GUBERNAMENTAL |
| 942 | |i 004283 |h 06.02.01 2400 |2 z |c 04 | ||
